000 00661cam a22002531 4500
001 sa 63002885
003 DLC
005 20260227111937.0
008 890530s1963 ii b 000 0 hino
010 _asa 63002885
035 _a(OCoLC)19782627
040 _aDLC
_cWaU
_dDLC
042 _apremarc
043 _aa-ii---
050 0 0 _aPK2040
_b.S27
100 1 _aSahal, Suresh Chandra.
245 1 0 _aNayī kavitā aura usakā mulyāṅkana.
260 _c[1963]
300 _a196 p.
_c22 cm.
500 _aIn Hindi.
504 _aIncludes bibliography.
650 0 _aHindi poetry
_xHistory and criticism.
650 0 _aPoetry
_xHistory and criticism.
999 _c54741
_d54741